| 000 | 00728nam a2200217 4500 | ||
|---|---|---|---|
| 003 | OSt | ||
| 005 | 20240620080838.0 | ||
| 006 | a | ||
| 008 | 240620b |||||||| |||| 00| 0 eng d | ||
| 020 | _a9780071269216 | ||
| 040 |
_aDWCL-Main lib. _cOC |
||
| 082 |
_2Second edition _aCirc. 005.117 T877o 2010 |
||
| 100 | _aTsang, Curtis HK | ||
| 245 | _aObject-oriented technology : from diagram to code with visual paradigm for UML / | ||
| 250 | _aSecond edition | ||
| 260 |
_aSingapore : _bMcGraw-Hill, _cc2010. |
||
| 300 |
_aix, _b470 p. : ill. ; _c24 cm. |
||
| 504 | _aIncludes bibliographical references & index. | ||
| 650 | _a1. Object-oriented methods(Computer Science). | ||
| 942 |
_2ddc _n0 _cBK-CIRC _eSecond edition _kCirc. |
||
| 999 |
_c1013 _d1013 |
||